Sports Quiz

Random Sports or Soccer Quiz
Score 0/176 Timer 20:00
33 Plays Today
% Correct
Frenkie de Jong
91.7%
Edwin Van der Sar
90.5%
Edwin Van der Sar
90.5%
Edwin Van der Sar
90.5%
Edwin Van der Sar
90.5%
Matthijs de Ligt
88.9%
Daley Blind
88.1%
Daley Blind
87.5%
Daley Blind
87.5%
Andre Onana
85.2%
Andre Onana
83%
Dušan Tadić
82.7%
Andre Onana
82%
Frank De Boer
81.7%
Frank De Boer
81.7%
Frank De Boer
81.7%
Frank De Boer
81.7%
Ronald De Boer
81.7%
Ronald De Boer
81.7%
Ronald De Boer
81.7%
Ronald De Boer
81.7%
Dušan Tadić
81.3%
Dušan Tadić
81.2%
Daley Blind
80.8%
Daley Blind
80.8%
Danny Blind
80.5%
Danny Blind
80.5%
Danny Blind
80.5%
Danny Blind
80.5%
Patrick Kluivert
80.4%
Hakim Ziyech
78.9%
Hakim Ziyech
77.8%
Siem de Jong
77%
Siem de Jong
77%
Siem de Jong
77%
Siem de Jong
76.7%
Nigel De Jong
76.7%
Nigel De Jong
76.7%
Donny van de Beek
74.9%
Donny van de Beek
74.4%
Edgar Davids
73.8%
Edgar Davids
73.8%
Nicolas Tagliafico
73.6%
Clarence Seedorf
73.5%
Wesley Sneijder
72%
Wesley Sneijder
72%
Zlatan Ibrahimovic
71.9%
Zlatan Ibrahimovic
71.9%
David Neres
71.2%
Rafael Van der Vaart
70.7%
Rafael Van der Vaart
70.7%
Nicolas Tagliafico
69.8%
Nicolas Tagliafico
69.1%
David Neres
68.7%
Marc Overmars
68.3%
Marc Overmars
68.3%
Jari Litmanen
68.3%
Jari Litmanen
68.3%
Jari Litmanen
68.3%
% Correct
Jari Litmanen
68.3%
Maarten Stekelenburg
68.2%
Maarten Stekelenburg
68.2%
Maarten Stekelenburg
68%
Luis Suarez
67.4%
Quincy Promes
65.6%
Jasper Cillessen
65.3%
Jasper Cillessen
65.3%
Lasse Schöne
63.3%
Michael Reiziger
62.8%
Michael Reiziger
62.8%
Frank Rijkaard
58.7%
Davy Klaassen
58.2%
Quincy Promes
57%
Jan Vertonghen
55.7%
Jan Vertonghen
55.6%
Joël Veltman
55.5%
Christian Eriksen
55%
Christian Eriksen
54.9%
Lisandro Martínez
52.4%
Toby Alderweireld
51.5%
Toby Alderweireld
51.4%
Toby Alderweireld
51.3%
Lasse Schöne
50.6%
Lasse Schöne
50.6%
Gregory van der Wiel
50.3%
Gregory van der Wiel
50.1%
Lisandro Martínez
48.1%
Noussair Mazraoui
47.9%
Finidi George
47.3%
Finidi George
47.3%
Nwankwo Kanu
47.1%
Kenneth Vermeer
46.6%
Kenneth Vermeer
46.5%
Winston Bogarde
45.9%
John Heitinga
45.3%
Perr Schuurs
45.3%
Joël Veltman
44.3%
Sergiño Dest
44.1%
Edson Álvarez
42.3%
Ryan Gravenberch
41.5%
Davy Klaassen
39.4%
Antony
39.2%
Thomas Vermaelen
38.8%
Bogdan Lobont
37.2%
Bogdan Lobont
37.2%
Maxwell
36.7%
Maxwell
36.7%
Maxwell
36.7%
Ryan Babel
36.7%
Cristian Chivu
36.7%
Andy Van der Meyde
34.9%
Ricardo van Rhijn
33.3%
Ricardo van Rhijn
33.1%
Ricardo van Rhijn
33.1%
Hatem Trabelsi
31.7%
Hatem Trabelsi
31.7%
Hatem Trabelsi
31.7%
Hatem Trabelsi
31.7%
% Correct
Urby Emanuelson
30.8%
Niklas Moisander
30.7%
Urby Emanuelson
30.7%
Niklas Moisander
30.4%
Niklas Moisander
30.4%
Viktor Fischer
30.4%
Tomas Galasek
29.6%
Tomas Galasek
29.6%
Tomas Galasek
29.6%
Steven Pienaar
28.9%
Steven Pienaar
28.9%
Vumon Anita
28.9%
Vurnon Anita
28.5%
Christian Poulsen
28.4%
Zdenek Grygera
27.8%
Zdenek Grygera
27.8%
Christian Poulsen
27.6%
Richard Witschge
27.5%
Richard Witschge
27.5%
Kolbeinn Sigthórsson
27%
Kolbeinn Sigthórsson
27%
Nicolai Boilesen
26.9%
Miralem Sulejmani
26.5%
Thulani Serero
25.5%
Thulani Serero
25.5%
Wesley Sonck
25.1%
Demy de Zeeuw
24.7%
Theo Janssen
24.2%
Eyong Enoh
24.1%
Eyong Enoh
23.7%
Mario Melchiot
23.6%
Mounir El Hamdaoui
23.2%
Tijjani Babangida
21.9%
Kiki Musampa
21.3%
Nick Viergever
21.1%
Petri Pasanen
21%
Julien Escude
20.8%
Hedwiges Maduro
20.3%
Lucas Andersen
20%
Derk Boerrigter
18.9%
Andre Bergdolmo
18.8%
Derk Boerrigter
18.7%
Sunday Oliseh
18.5%
Nicolae Mitea
18.4%
Nicolae Mitea
18.4%
Wamberto
17.7%
Mauro Rosales
16.4%
Stefano Denswil
14.9%
Abubakari Yakubu
14.8%
Tobias Sana
14.5%
Jelle van Damme
14.3%
Nourdin Boukhari
13.9%
Arnold Scholten
13.6%
Peter Hoekstra
13.5%
Ole Tobiasen
13%
Andrzej Rudy
11.7%
Anthony Obodai
10.1%
Olaf Lindenbergh
9.9%
Remove Ads.
Support Sporcle.
Get the best of Sporcle when you Go Orange. This ad-free experience offers more features, more stats, and more fun while also helping to support Sporcle. Thank you for becoming a member.

You're not logged in!

Compare scores with friends on all Sporcle quizzes.
OR
Log In

Show Comments

Extras

Top Quizzes Today


Score Distribution

Your Account Isn't Verified!

In order to create a playlist on Sporcle, you need to verify the email address you used during registration. Go to your Sporcle Settings to finish the process.

Report this User

Report this user for behavior that violates our Community Guidelines.

Details: